[Event "XXIV Memorial Edoardo Crespi A"]
[Site "Milano ITA"]
[Date "2003.12.05"]
[Round "1"]
[White "Barlocco, Carlo"]
[Black "Podini, Francesco"]
[Result "0-1"]
[WhiteElo "2132"]
[BlackElo "2041"]
[PlyCount "56"]
[EventDate "2003.12.05"]

1. Nc3 c5 2. e4 e6 3. g3 Nc6 4. Bg2 g6 5. d3 Bg7 6. Be3 Nd4 7. Qd2 Rb8 8. Nd1
d6 9. c3 Nc6 10. Nf3 Nge7 11. Bh6 O-O 12. h4 f6 13. Bxg7 Kxg7 14. Ne3 e5 15. h5
g5 16. h6+ Kh8 17. O-O-O b5 18. d4 Qa5 19. dxc5 dxc5 20. Qd6 Qxa2 21. Nd5 Bg4
22. Nxe7 Qa1+ 23. Kc2 Qa4+ 24. Kb1 Rbd8 25. Nxc6 Rxd6 26. Rxd6 Qxe4+ 27. Ka2
Qa4+ 28. Kb1 Bf5+ 0-1

[Event "XXIV Memorial Edoardo Crespi A"]
[Site "Milano ITA"]
[Date "2003.12.05"]
[Round "1"]
[White "Barpiyeva, Gulsana"]
[Black "La Torre, Giovanni"]
[Result "0-1"]
[WhiteElo "2169"]
[BlackElo "2057"]
[PlyCount "84"]
[EventDate "2003.12.05"]

1. d4 d5 2. Nf3 Nf6 3. g3 g6 4. Bg2 Bg7 5. O-O O-O 6. b3 Ne4 7. Bb2 c5 8. e3
Nc6 9. Nbd2 Bg4 10. h3 Nxd2 11. Qxd2 Bxf3 12. Bxf3 cxd4 13. exd4 e6 14. Rfd1
Rc8 15. Rac1 Qf6 16. Bg2 Rfd8 17. Qe2 Bh6 18. f4 g5 19. fxg5 Qxg5 20. Kh2 Qg6
21. Rb1 Nb4 22. c3 Nxa2 23. Rd3 Nxc3 24. Bxc3 Rxc3 25. Be4 Qxe4 26. Qxe4 dxe4
27. Rxc3 Bd2 28. Rc2 Rxd4 29. Kg2 b6 30. Rc7 Bb4 31. Rc4 Rxc4 32. bxc4 Bc5 33.
g4 Kg7 34. Kg3 Bd6+ 35. Kf2 f5 36. Ke3 Kf6 37. Rf1 Ke5 38. g5 f4+ 39. Ke2 f3+
40. Kd2 Kf4 41. Rg1 Bb4+ 42. Kd1 e3 0-1

[Event "XXIV Memorial Edoardo Crespi A"]
[Site "Milano ITA"]
[Date "2003.12.05"]
[Round "1"]
[White "Berra, Davide"]
[Black "Massironi, Marco"]
[Result "1-0"]
[WhiteElo "2207"]
[BlackElo "2082"]
[PlyCount "77"]
[EventDate "2003.12.05"]

1. d4 Nf6 2. Nf3 g6 3. Bg5 Bg7 4. Nbd2 d5 5. e3 O-O 6. Bd3 c5 7. c3 Nc6 8. O-O
b6 9. Qb1 Nd7 10. b4 cxb4 11. cxb4 Bb7 12. Qb3 h6 13. Bh4 g5 14. Bg3 e5 15.
dxe5 Ncxe5 16. Rac1 Nxd3 17. Qxd3 Rc8 18. Nb3 Qe7 19. a3 Nf6 20. Nbd4 Qe4 21.
Qb5 Ng4 22. Nd2 Qe8 23. Qe2 Bxd4 24. Qxg4 Bb2 25. Rb1 Rc2 26. Nb3 f5 27. Qd1
Qe4 28. Qh5 Kg7 29. Qf3 Qxf3 30. gxf3 d4 31. Be5+ Kh7 32. Bxd4 Bc3 33. Rbc1
Rxc1 34. Rxc1 Bxd4 35. Rc7+ Bg7 36. Rxb7 g4 37. fxg4 f4 38. Nd4 fxe3 39. fxe3
1-0

[Event "XXIV Memorial Edoardo Crespi A"]
[Site "Milano ITA"]
[Date "2003.12.05"]
[Round "1"]
[White "Bevilacqua, Maurizio"]
[Black "Giretti Kanev, Jasen"]
[Result "1-0"]
[WhiteElo "2082"]
[BlackElo "2210"]
[PlyCount "92"]
[EventDate "2003.12.05"]

1. d4 d6 2. c4 Nf6 3. Nc3 g6 4. e4 Bg7 5. f3 O-O 6. Bg5 c5 7. d5 Nbd7 8. Nh3 h6
9. Be3 Ne5 10. Nf2 e6 11. Be2 exd5 12. cxd5 Re8 13. Qd2 h5 14. O-O a6 15. a4
Rb8 16. h3 Qa5 17. f4 Ned7 18. Bf3 Nb6 19. Be2 Qb4 20. a5 Nc4 21. Bxc4 Qxc4 22.
Ra4 Qb3 23. e5 dxe5 24. Bxc5 Bf5 25. Rb4 Qc2 26. Qxc2 Bxc2 27. fxe5 Nd7 28. Bd6
Rbd8 29. Rc1 Bf5 30. g4 hxg4 31. hxg4 Bh6 32. Re1 Nf6 33. Kf1 Bd2 34. Rd1 Bxc3
35. bxc3 Bc8 36. Rf4 Nh7 37. c4 f5 38. exf6 Kf7 39. Be7 g5 40. Rf3 Rd7 41. d6
Rg8 42. Nd3 Rxe7 43. fxe7+ Ke8 44. Ne5 Bd7 45. c5 Bb5+ 46. Kg1 Bc6 1-0

[Event "XXIV Memorial Edoardo Crespi A"]
[Site "Milano ITA"]
[Date "2003.12.05"]
[Round "1"]
[White "Bisignano, Giuseppe"]
[Black "Facchetti, Gianni"]
[Result "0-1"]
[WhiteElo "2055"]
[BlackElo "2159"]
[PlyCount "80"]
[EventDate "2003.12.05"]

1. e4 e5 2. Nf3 Nc6 3. Bc4 Be7 4. Nc3 Nf6 5. d4 d6 6. h3 O-O 7. d5 Nb8 8. Nh2
a5 9. b3 Bd7 10. O-O b5 11. Bxb5 Nxe4 12. Nxe4 Bxb5 13. c4 Bd7 14. Qh5 f5 15.
Ng5 Bxg5 16. Bxg5 Qe8 17. Qxe8 Rxe8 18. Nf3 Na6 19. Rfd1 f4 20. Kh2 h6 21. Bh4
g5 22. Bxg5 hxg5 23. Nxg5 Nc5 24. f3 Bf5 25. g4 fxg3+ 26. Kxg3 Kg7 27. h4 Kf6
28. Rh1 Rh8 29. Kf2 Rh5 30. Rh2 Rah8 31. Rah1 e4 32. Ke3 exf3 33. Kxf3 Re8 34.
Rf1 Re5 35. Kg3 Ne4+ 36. Kf4 Nxg5 37. hxg5+ Rxg5 38. Rh6+ Bg6 39. Rf2 Kg7 40.
Rh3 Rgf5+ 0-1

[Event "XXIV Memorial Edoardo Crespi A"]
[Site "Milano ITA"]
[Date "2003.12.05"]
[Round "1"]
[White "Bozzali, Ermanno"]
[Black "Faccia, Sergio"]
[Result "0-1"]
[WhiteElo "2124"]
[BlackElo "1984"]
[PlyCount "70"]
[EventDate "2003.12.05"]

1. d4 e5 2. dxe5 f6 3. e4 Nc6 4. Nf3 Bc5 5. Bc4 Qe7 6. O-O Nxe5 7. Nxe5 fxe5 8.
Nc3 Nf6 9. Bg5 c6 10. a4 d6 11. Qd3 Be6 12. Rab1 a5 13. Kh1 O-O 14. Rbd1 Qf7
15. Bxe6 Qxe6 16. f3 Nh5 17. Ne2 Rf7 18. Rd2 Raf8 19. Rfd1 Nf4 20. Bxf4 exf4
21. Nd4 Qe5 22. Qc4 Kh8 23. Ne6 d5 24. exd5 Be3 25. Rd3 Re8 26. dxc6 bxc6 27.
Qxc6 Rfe7 28. Nd8 Qf5 29. Rd7 h6 30. Rxe7 Rxe7 31. Qd5 Qxc2 32. Nc6 Bd2 33. Rf1
Re8 34. Qd7 Rf8 35. Ne5 Bb4 0-1

[Event "XXIV Memorial Edoardo Crespi A"]
[Site "Milano ITA"]
[Date "2003.12.05"]
[Round "1"]
[White "Damia, Angelo"]
[Black "Zanetti, Alberto"]
[Result "0-1"]
[WhiteElo "2059"]
[BlackElo "2171"]
[PlyCount "78"]
[EventDate "2003.12.05"]

1. e4 c5 2. Nf3 e6 3. d4 cxd4 4. Nxd4 a6 5. Bd3 b5 6. Be3 Bb7 7. Nd2 Nf6 8. O-O
d6 9. f4 Nbd7 10. f5 e5 11. N4b3 Nc5 12. Nxc5 dxc5 13. Qf3 c4 14. Be2 Qc7 15.
a4 Bc5 16. axb5 axb5 17. Rxa8+ Bxa8 18. Kh1 O-O 19. Bg5 h6 20. Bxf6 gxf6 21.
Qg4+ Kh7 22. Qh4 Be3 23. Nb1 Bg5 24. Qg4 b4 25. h4 Bf4 26. Qf3 Rg8 27. c3 Rg3
28. Qh5 Bxe4 29. Bf3 Bd3 30. Re1 b3 31. Na3 Qd7 32. Rd1 e4 33. Be2 Qb7 34. Nxc4
Qa7 35. Rf1 Bb8 36. Na3 Qc7 37. Bxd3 exd3 38. Kg1 Rxg2+ 39. Kxg2 Qg3+ 0-1

[Event "XXIV Memorial Edoardo Crespi A"]
[Site "Milano ITA"]
[Date "2003.12.05"]
[Round "1"]
[White "Efimov, Igor"]
[Black "Locatelli, Andrea"]
[Result "1-0"]
[WhiteElo "2497"]
[BlackElo "2106"]
[PlyCount "71"]
[EventDate "2003.12.05"]

1. d4 Nf6 2. c4 e6 3. g3 d5 4. Nf3 Be7 5. Bg2 O-O 6. O-O Nbd7 7. Qb3 c6 8. Nc3
a6 9. Bf4 b5 10. cxd5 cxd5 11. Rfc1 Bb7 12. a4 b4 13. Na2 Ne8 14. Rc2 a5 15.
Nc1 Ba6 16. Qe3 Nd6 17. Nd3 Rc8 18. Rxc8 Qxc8 19. Bh3 Nc4 20. Qc1 Qb7 21. b3
Na3 22. Qd2 Rc8 23. Rc1 Nf6 24. Ng5 Rxc1+ 25. Qxc1 h6 26. Nxf7 Kxf7 27. Ne5+
Ke8 28. Bxe6 Bd6 29. Nf7 Be7 30. Bc7 Nc4 31. Qf4 Qa7 32. bxc4 b3 33. Bxa5 Bxc4
34. Bc3 Kf8 35. Ne5 Qb6 36. Nd7+ 1-0

[Event "XXIV Memorial Edoardo Crespi A"]
[Site "Milano ITA"]
[Date "2003.12.05"]
[Round "1"]
[White "Iudicello, Giovanni"]
[Black "Bonade', Massimo"]
[Result "0-1"]
[WhiteElo "2149"]
[BlackElo "2053"]
[PlyCount "67"]
[EventDate "2003.12.05"]

1. e4 c5 2. Nf3 d6 3. d4 cxd4 4. Nxd4 Nf6 5. Nc3 a6 6. Bg5 e6 7. f4 Be7 8. Qf3
Qc7 9. O-O-O Nbd7 10. Kb1 b5 11. a3 Rb8 12. Na2 Bb7 13. Bxf6 Nxf6 14. Bd3 O-O
15. Rhe1 d5 16. e5 Ne4 17. Re3 Qb6 18. c3 Bc5 19. Qe2 Ba8 20. Rh3 Bxd4 21. Bxe4
dxe4 22. cxd4 Rfd8 23. Qf2 a5 24. f5 b4 25. axb4 axb4 26. f6 Bd5 27. b3 Ra8 28.
Qg3 g6 29. Qe3 Qa6 30. Qd2 Qa3 31. Qb2 Qxb2+ 32. Kxb2 Rdb8 33. Rc1 Ra3 34. Re3
0-1

[Event "XXIV Memorial Edoardo Crespi A"]
[Site "Milano ITA"]
[Date "2003.12.05"]
[Round "1"]
[White "Kidane, Robel"]
[Black "Sgnaolin, Davide"]
[Result "0-1"]
[WhiteElo "2049"]
[BlackElo "2137"]
[PlyCount "110"]
[EventDate "2003.12.05"]

1. e4 c5 2. Nf3 Nc6 3. d4 cxd4 4. Nxd4 g6 5. Nc3 Bg7 6. Be3 Nf6 7. Bc4 O-O 8.
Bb3 d6 9. f3 Bd7 10. Qd2 Nxd4 11. Bxd4 b5 12. h4 a5 13. h5 e5 14. Be3 a4 15.
Bd5 b4 16. Ne2 Nxd5 17. exd5 Rc8 18. hxg6 fxg6 19. Bh6 Qf6 20. Bxg7 Qxg7 21. c3
e4 22. fxe4 a3 23. b3 bxc3 24. Qd4 Qxd4 25. Nxd4 Rce8 26. Ke2 Rxe4+ 27. Kd3 Rg4
28. Kxc3 Rxg2 29. Rhg1 Rxg1 30. Rxg1 Rf2 31. Nc2 Kf7 32. Nxa3 Rxa2 33. Nc4 Ra6
34. Rf1+ Kg7 35. b4 h5 36. Re1 Kf6 37. Rf1+ Kg5 38. Rf7 Bb5 39. Rb7 Bxc4 40.
Kxc4 h4 41. Kb5 Ra2 42. Kc6 Kh6 43. Rb8 g5 44. b5 Kg7 45. b6 h3 46. b7 Rb2 47.
Ra8 h2 48. Ra1 g4 49. Rh1 g3 50. Kc7 g2 51. Rxh2 Rxb7+ 52. Kxb7 g1=Q 53. Rd2
Qc5 54. Ka6 Qc4+ 55. Ka7 Qa4+ 0-1

[Event "XXIV Memorial Edoardo Crespi A"]
[Site "Milano ITA"]
[Date "2003.12.05"]
[Round "1"]
[White "Lapiccirella, Mattia"]
[Black "Castrogiovanni, Carlo"]
[Result "1-0"]
[WhiteElo "2180"]
[BlackElo "2068"]
[PlyCount "95"]
[EventDate "2003.12.05"]

1. d4 Nf6 2. c4 c5 3. d5 b5 4. Nf3 g6 5. Qc2 d6 6. e4 b4 7. Be2 Bg7 8. O-O O-O
9. a3 bxa3 10. Rxa3 Na6 11. Nc3 Nb4 12. Qd1 Qc7 13. h3 a6 14. Bf4 Nd7 15. Qd2
Rd8 16. Re1 Rb8 17. Bf1 Ne5 18. Nxe5 dxe5 19. Be3 e6 20. Na4 Bf8 21. Rc1 Be7
22. f3 Bd7 23. Qf2 Rdc8 24. Nc3 Rd8 25. Na4 Rbc8 26. Be2 Kg7 27. Qf1 Bd6 28.
Qe1 Be7 29. Kh1 Bxa4 30. Rxa4 Rd6 31. Qc3 Rb6 32. Rca1 Kg8 33. Qc1 Kg7 34. Bd2
Qb7 35. Bc3 f6 36. b3 Ra8 37. Qd2 Ra7 38. g4 g5 39. Kg2 Ra8 40. h4 h6 41. Rh1
Rh8 42. Raa1 Rd6 43. hxg5 hxg5 44. Rxh8 Kxh8 45. Rh1+ Kg7 46. f4 gxf4 47. Qe1
Kf7 48. Rh8 {...} 1-0

[Event "XXIV Memorial Edoardo Crespi A"]
[Site "Milano ITA"]
[Date "2003.12.05"]
[Round "1"]
[White "Manzoni, Alessandro"]
[Black "Jara, Erik"]
[Result "1/2-1/2"]
[WhiteElo "2034"]
[BlackElo "2127"]
[PlyCount "120"]
[EventDate "2003.12.05"]

1. e4 e6 2. Nc3 c5 3. g3 Nc6 4. Bg2 g6 5. d3 Bg7 6. Nge2 Nge7 7. O-O O-O 8. Be3
d6 9. Qd2 Re8 10. Bh6 Bh8 11. h4 Ne5 12. f3 N7c6 13. Bh3 f5 14. Bg5 Qd7 15. h5
Nf7 16. Bh4 b6 17. g4 Nd4 18. Rab1 Bb7 19. Kh2 Bg7 20. Nxd4 cxd4 21. Ne2 Bh6
22. g5 Bg7 23. Qb4 a5 24. Qd2 d5 25. exf5 exf5 26. Rbe1 Rac8 27. Kh1 Qc7 28.
Nf4 Ne5 29. Re2 Kf7 30. Bg2 Bf8 31. a3 Bd6 32. Nh3 gxh5 33. Bf2 Ng6 34. Rxe8
Rxe8 35. Bxd4 f4 36. Ng1 Be5 37. Qf2 Re6 38. Bh3 Rc6 39. c3 Bxd4 40. Qxd4 Qe5
41. Qf2 Qxg5 42. Re1 Bc8 43. Bxc8 Rxc8 44. Qe2 Qe7 45. Qxe7+ Nxe7 46. Re5 Rd8
47. Nh3 h4 48. Rh5 Ng6 49. Rxh7+ Kf6 50. Nf2 Re8 51. Rb7 Re6 52. Kg2 Ne5 53.
Rh7 Ng6 54. Rb7 Ne5 55. b3 Rc6 56. c4 dxc4 57. Ne4+ Kf5 58. dxc4 a4 59. bxa4
Nxc4 60. Kh3 Nxa3 1/2-1/2

[Event "XXIV Memorial Edoardo Crespi A"]
[Site "Milano ITA"]
[Date "2003.12.05"]
[Round "1"]
[White "Mazzini, Antonio"]
[Black "Bianchi, Alberto"]
[Result "1/2-1/2"]
[WhiteElo "2131"]
[BlackElo "2034"]
[PlyCount "120"]
[EventDate "2003.12.05"]

1. d4 Nf6 2. c4 e6 3. Nc3 d5 4. cxd5 exd5 5. Bg5 Be7 6. e3 O-O 7. Bd3 Nbd7 8.
Nf3 h6 9. Bh4 Re8 10. O-O Nf8 11. Qc2 c6 12. Rab1 Be6 13. b4 Rc8 14. Rfc1 a6
15. a4 a5 16. bxa5 c5 17. Bxf6 Bxf6 18. Rxb7 cxd4 19. Nxd4 Qxa5 20. Rb5 Qa7 21.
Qd2 Bg5 22. Rb4 Be7 23. Rb3 Rc5 24. Bb5 Rec8 25. Na2 Rxc1+ 26. Nxc1 Bf6 27.
Nce2 Qc5 28. Rc3 Qb4 29. Qc2 Bf5 30. Qb3 Qxb3 31. Rxb3 Bxd4 32. exd4 Rc2 33. f3
Ra2 34. Nc3 Ra1+ 35. Kf2 Ne6 36. Nxd5 Nxd4 37. Rb4 Ra2+ 38. Kg3 Nc2 39. Rf4 Be6
40. Nb4 g5 41. Re4 Nxb4 42. Rxb4 f5 43. f4 Ra3+ 44. Kf2 Ra2+ 45. Be2 Kg7 46. h3
Kf6 47. Ke3 Ra3+ 48. Kd4 gxf4 49. Kc5 Ke5 50. Bf3 Bd7 51. Rb6 Bxa4 52. Rxh6
Rxf3 53. gxf3 Bd1 54. Kc4 Bxf3 55. Kd3 Bd1 56. h4 Bg4 57. Ra6 Bf3 58. Ra5+ Kf6
59. Kd4 Be4 60. Ra6+ Kg7 1/2-1/2

[Event "XXIV Memorial Edoardo Crespi A"]
[Site "Milano ITA"]
[Date "2003.12.05"]
[Round "1"]
[White "Pace, Pietro Dario"]
[Black "Didoni, Renato"]
[Result "1-0"]
[WhiteElo "2115"]
[BlackElo "1888"]
[PlyCount "97"]
[EventDate "2003.12.05"]

1. e4 e5 2. Nf3 Nc6 3. Bb5 Nf6 4. d3 d6 5. h3 Be7 6. c3 O-O 7. O-O Nd7 8. d4
Bf6 9. Be3 a6 10. Ba4 b5 11. Bc2 Re8 12. Nbd2 Nf8 13. a4 Bd7 14. d5 Ne7 15. Nh2
Neg6 16. axb5 axb5 17. Ng4 Be7 18. Qf3 Nh4 19. Qe2 f5 20. exf5 Nxf5 21. Ba7 Qc8
22. Ne3 Nh6 23. Ra3 Qb7 24. Rfa1 c5 25. dxc6 Bxc6 26. c4 Ne6 27. Nd5 Bf8 28.
Qd3 Ng5 29. b3 Qf7 30. h4 bxc4 31. bxc4 e4 32. Qg3 Ne6 33. Bxe4 Bxd5 34. Bxd5
Nf5 35. Qf3 Rac8 36. Ne4 Kh8 37. g3 Qg6 38. Kh2 Nfd4 39. Qd3 Nc6 40. Bxc6 Rxc6
41. Qd5 Rec8 42. Ra4 Nd8 43. Bd4 Nf7 44. Ra7 Ne5 45. Bxe5 dxe5 46. Ng5 h6 47.
Nf7+ Kh7 48. Nxe5 Rd6 49. Nxg6 1-0

[Event "XXIV Memorial Edoardo Crespi A"]
[Site "Milano ITA"]
[Date "2003.12.05"]
[Round "1"]
[White "Pelizzola, Danilo"]
[Black "Paoli, Enrico"]
[Result "1-0"]
[WhiteElo "2118"]
[BlackElo "1950"]
[PlyCount "105"]
[EventDate "2003.12.05"]

1. e4 e5 2. Nf3 Nf6 3. Nxe5 Nxe4 4. Qe2 Qe7 5. Qxe4 d6 6. Bc4 Qxe5 7. Nc3 c6 8.
d3 Be7 9. Qxe5 dxe5 10. f4 Nd7 11. O-O O-O 12. Be3 a5 13. a4 exf4 14. Bxf4 Bf6
15. Rae1 Nb6 16. Bd6 Nxc4 17. Bxf8 Kxf8 18. Rxf6 gxf6 19. dxc4 Be6 20. c5 Rd8
21. Rd1 Rb8 22. Kf2 b6 23. cxb6 Rxb6 24. b3 Ke7 25. Rd2 Rb4 26. Ke3 Rh4 27. g3
Rh5 28. h4 Re5+ 29. Kf2 Bf5 30. Ne2 Be4 31. c3 Bd5 32. b4 Bb3 33. Nd4 Bxa4 34.
Ra2 Bb5 35. bxa5 Kd6 36. Nxb5+ Rxb5 37. a6 Rb8 38. a7 Ra8 39. Kf3 Kc5 40. Kf4
Kc4 41. Ra3 Kd3 42. Kf5 c5 43. Kxf6 c4 44. Kxf7 Kc2 45. g4 Kb2 46. Ra6 Kxc3 47.
Kg7 Kd2 48. Kxh7 c3 49. g5 c2 50. Rc6 Rxa7+ 51. Kg8 Ra8+ 52. Kg7 Ra7+ 53. Kg6
1-0

[Event "XXIV Memorial Edoardo Crespi A"]
[Site "Milano ITA"]
[Date "2003.12.05"]
[Round "1"]
[White "Petrini, Roberto"]
[Black "Contin, Daniel"]
[Result "0-1"]
[WhiteElo "2106"]
[BlackElo "2377"]
[PlyCount "98"]
[EventDate "2003.12.05"]

1. e4 e6 2. d4 d5 3. exd5 exd5 4. c4 Nf6 5. Nc3 Be7 6. Bd3 dxc4 7. Bxc4 O-O 8.
Nge2 Nbd7 9. O-O Nb6 10. Bb3 Nbd5 11. Nf4 Nxc3 12. bxc3 c6 13. Qd3 Qa5 14. Bc2
g6 15. Qg3 Bf5 16. Bxf5 Qxf5 17. Qd3 Qd7 18. Re1 Rfe8 19. Qf3 Bd6 20. Bd2 Qf5
21. Nd3 Qxf3 22. gxf3 Nd5 23. a4 f5 24. Kg2 Kf7 25. a5 Rxe1 26. Rxe1 b5 27.
axb6 Nxb6 28. Rb1 Ke6 29. Bf4 Kd5 30. Bxd6 Kxd6 31. Nc5 Kd5 32. Ra1 Kc4 33. Ra3
Nd5 34. Nd7 Nxc3 35. Ne5+ Kb4 36. Rxa7 Rc8 37. Rb7+ Nb5 38. Rxh7 Nxd4 39. Nxg6
Rg8 40. Rh6 c5 41. Kf1 c4 42. Nf4 Rd8 43. Ne2 Nxf3 44. Rb6+ Kc5 45. Rf6 Kb4 46.
Rb6+ Ka5 47. Rb7 Rd3 48. Rb8 Nxh2+ 49. Kg2 Ng4 0-1

[Event "XXIV Memorial Edoardo Crespi A"]
[Site "Milano ITA"]
[Date "2003.12.05"]
[Round "1"]
[White "Pietrocola, Roberto"]
[Black "Rosin, Federico"]
[Result "0-1"]
[WhiteElo "1903"]
[BlackElo "2117"]
[PlyCount "105"]
[EventDate "2003.12.05"]

1. e4 c5 2. Nf3 Nc6 3. d4 cxd4 4. Nxd4 Nf6 5. Nc3 e5 6. Ndb5 d6 7. Bg5 a6 8.
Na3 b5 9. Nd5 Be7 10. Bxf6 Bxf6 11. c3 Bg5 12. Bd3 O-O 13. Nc2 Be6 14. Nce3 g6
15. O-O Rb8 16. a4 Ne7 17. axb5 axb5 18. Qe2 f5 19. Nxe7+ Qxe7 20. f3 b4 21.
Nd5 Bxd5 22. exd5 bxc3 23. bxc3 Qc7 24. c4 Qc5+ 25. Kh1 Be3 26. Rfe1 Bd4 27.
Ra6 Rb2 28. Qd1 Qb4 29. Re2 Rxe2 30. Qxe2 Rb8 31. h4 Qc3 32. Kh2 Rb2 33. Qd1
Kg7 34. Rxd6 Rd2 35. Qb1 Qxd3 36. Qxd3 Rxd3 37. Rc6 e4 38. fxe4 Be5+ 39. Kg1
Bg3 40. Kf1 fxe4 41. Ke2 Bf4 42. Re6 Rd2+ 43. Ke1 Rd4 44. c5 Rxd5 45. Rxe4 Re5
46. Rxe5 Bxe5 47. Ke2 h5 48. Kf3 Bc7 49. g4 Kh6 50. g5+ Kg7 51. Ke4 Kf7 52. Kd5
Ke7 53. c6 0-1

[Event "XXIV Memorial Edoardo Crespi A"]
[Site "Milano ITA"]
[Date "2003.12.05"]
[Round "1"]
[White "Profumo, Alberto"]
[Black "Lapiccirella, Daniele"]
[Result "1-0"]
[WhiteElo "2240"]
[BlackElo "2086"]
[PlyCount "63"]
[EventDate "2003.12.05"]

1. Nf3 d5 2. g3 Nf6 3. Bg2 c6 4. O-O Bg4 5. d3 Nbd7 6. Nbd2 e5 7. e4 dxe4 8.
dxe4 Be7 9. h3 Bxf3 10. Bxf3 O-O 11. Nc4 Qc7 12. a4 b6 13. b3 Rfe8 14. Bb2 Bf8
15. Qe2 a5 16. Rfd1 Nc5 17. Bc3 Nfd7 18. Kg2 Ne6 19. Bg4 Bc5 20. Bxe6 Rxe6 21.
Rd2 Nf6 22. Qd3 Be7 23. Qf3 Nd7 24. Rxd7 Qxd7 25. Nxb6 Qb7 26. Nxa8 Qxa8 27.
Rd1 Qa7 28. Qe3 Qc7 29. Rd3 Bd8 30. Qd2 Re8 31. Rd7 Qb6 32. Bxe5 1-0

[Event "XXIV Memorial Edoardo Crespi A"]
[Site "Milano ITA"]
[Date "2003.12.05"]
[Round "1"]
[White "Rossi, Giampiero"]
[Black "Murgia, Andrea"]
[Result "0-1"]
[WhiteElo "2040"]
[BlackElo "2132"]
[PlyCount "56"]
[EventDate "2003.12.05"]

1. d4 f5 2. Bg5 h6 3. Bh4 g5 4. Bg3 d6 5. e3 Nf6 6. Bd3 Bg7 7. c3 e6 8. Ne2 Qe7
9. Qc2 Bd7 10. Nd2 Bc6 11. f3 Nbd7 12. O-O O-O 13. Rfe1 Qf7 14. Bf2 Kh8 15. b4
a6 16. a4 b5 17. axb5 axb5 18. c4 Nb6 19. cxb5 Bb7 20. Nc3 Nbd5 21. Nxd5 Nxd5
22. Qb3 f4 23. exf4 Qxf4 24. Ne4 g4 25. fxg4 Rxa1 26. Rxa1 Nxb4 27. Bg3 Qe3+
28. Nf2 Nxd3 0-1

[Event "XXIV Memorial Edoardo Crespi A"]
[Site "Milano ITA"]
[Date "2003.12.05"]
[Round "1"]
[White "Vancini, Edoardo"]
[Black "Buonocore, Elio"]
[Result "1-0"]
[WhiteElo "2284"]
[BlackElo "2099"]
[PlyCount "31"]
[EventDate "2003.12.05"]

1. d4 f5 2. Bg5 g6 3. Nd2 Nh6 4. e4 Nf7 5. Be3 fxe4 6. Nxe4 d5 7. Ng3 Bg7 8. h4
c5 9. h5 cxd4 10. Bxd4 Qa5+ 11. b4 Qxb4+ 12. c3 Qa3 13. Bxg7 Rg8 14. h6 e5 15.
Qb3 Qd6 16. Rd1 1-0

[Event "XXIV Memorial Edoardo Crespi A"]
[Site "Milano ITA"]
[Date "2003.12.05"]
[Round "1"]
[White "Zacco, Remo"]
[Black "Raineri, Valerio"]
[Result "0-1"]
[WhiteElo "2077"]
[BlackElo "2191"]
[PlyCount "65"]
[EventDate "2003.12.05"]

1. e4 e5 2. Nf3 Nc6 3. Bc4 Bc5 4. c3 Qe7 5. O-O d6 6. d4 Bb6 7. d5 Nb8 8. a4 a6
9. h3 Nf6 10. a5 Ba7 11. Bd3 h6 12. c4 g5 13. Qa4+ Kf8 14. Nh2 g4 15. hxg4 Nxg4
16. Nxg4 Bxg4 17. Qc2 Qh4 18. Be2 Rg8 19. Be3 Bh3 20. Bf3 Rxg2+ 21. Bxg2 Qg4
22. f3 Bxe3+ 23. Kh2 Bf4+ 24. Kh1 Bxg2+ 25. Qxg2 Qh4+ 26. Kg1 Be3+ 27. Rf2
Bxf2+ 28. Qxf2 Qg5+ 29. Kh2 Nd7 30. Qd2 Qh4+ 31. Kg2 Ke7 32. Nc3 Rg8+ 33. Kf1
0-1

[Event "XXIV Memorial Edoardo Crespi A"]
[Site "Milano ITA"]
[Date "2003.12.06"]
[Round "2"]
[White "Bianchi, Alberto"]
[Black "Barberi, Alessandro"]
[Result "1/2-1/2"]
[WhiteElo "2034"]
[BlackElo "2099"]
[PlyCount "39"]
[EventDate "2003.12.05"]

1. e4 g6 2. d4 Bg7 3. Nc3 d6 4. Nf3 Nd7 5. Be2 e5 6. dxe5 Nxe5 7. Nxe5 Bxe5 8.
Qd3 Bd7 9. Be3 Ne7 10. O-O Bg7 11. Bg5 f6 12. Bh4 O-O 13. Nd5 g5 14. Bg3 f5 15.
Nxe7+ Qxe7 16. exf5 Bxf5 17. Qb3+ Be6 18. Bc4 Bxc4 19. Qxc4+ Qf7 20. Qb5
1/2-1/2

[Event "XXIV Memorial Edoardo Crespi A"]
[Site "Milano ITA"]
[Date "2003.12.06"]
[Round "2"]
[White "Bonade', Massimo"]
[Black "Berra, Davide"]
[Result "0-1"]
[WhiteElo "2053"]
[BlackElo "2207"]
[PlyCount "80"]
[EventDate "2003.12.05"]

1. d4 e6 2. c4 f5 3. g3 Nf6 4. Bg2 d5 5. Nh3 c6 6. b3 Bd6 7. Bf4 O-O 8. O-O b6
9. Nd2 Bb7 10. Nf3 Be7 11. Nhg5 Bc8 12. h4 h6 13. Nh3 Ng4 14. Qd2 Nd7 15. Rac1
Bb7 16. Rfd1 a5 17. Ne5 Ngxe5 18. dxe5 Nc5 19. Be3 Qe8 20. Nf4 Rd8 21. cxd5
cxd5 22. Bf3 Qd7 23. Ng6 Rfe8 24. Bh5 Rc8 25. Bxh6 Ne4 26. Qf4 Rxc1 27. Rxc1
Ba3 28. Rc2 Bc5 29. Bg5 Bxf2+ 30. Kf1 d4 31. Qc1 Nxg3+ 32. Kxf2 Nxh5 33. Rc7
Qd5 34. Ne7+ Rxe7 35. Bxe7 Qg2+ 36. Ke1 Ng3 37. Qc4 Bd5 38. Qb5 Qg1+ 39. Kd2
Qb1 40. Bf6 Ne4# 0-1

[Event "XXIV Memorial Edoardo Crespi A"]
[Site "Milano ITA"]
[Date "2003.12.06"]
[Round "2"]
[White "Buonocore, Elio"]
[Black "Kidane, Robel"]
[Result "1-0"]
[WhiteElo "2099"]
[BlackElo "2049"]
[PlyCount "71"]
[EventDate "2003.12.05"]

1. e4 c5 2. c3 Nf6 3. e5 Nd5 4. Nf3 d6 5. Bc4 Nb6 6. Bb3 Nc6 7. exd6 Qxd6 8.
O-O Bf5 9. d4 cxd4 10. Nxd4 Nxd4 11. cxd4 e6 12. Nc3 Be7 13. Qf3 Qd7 14. d5 e5
15. Re1 Bd6 16. Be3 O-O 17. a4 Bg4 18. Qg3 f5 19. f4 g5 20. fxe5 f4 21. Qf2
Bxe5 22. Bxb6 Bxc3 23. Re7 Qf5 24. d6+ Kh8 25. Be6 Qxe6 26. Rxe6 Bxe6 27. bxc3
axb6 28. Qd4+ Kg8 29. Re1 Bf7 30. Re7 Ra5 31. Re5 Rfa8 32. Rxa5 bxa5 33. Qf6
Ra6 34. Qxg5+ Kf8 35. Qe7+ Kg8 36. d7 1-0

[Event "XXIV Memorial Edoardo Crespi A"]
[Site "Milano ITA"]
[Date "2003.12.06"]
[Round "2"]
[White "Castrogiovanni, Carlo"]
[Black "Iudicello, Giovanni"]
[Result "0-1"]
[WhiteElo "2068"]
[BlackElo "2149"]
[PlyCount "50"]
[EventDate "2003.12.05"]

1. Nf3 Nf6 2. d4 g6 3. g3 Bg7 4. Bg2 O-O 5. O-O d6 6. b3 Nbd7 7. Bb2 e5 8. dxe5
Ng4 9. c4 Ngxe5 10. Nxe5 dxe5 11. Qc2 c6 12. Nc3 f5 13. a4 a5 14. Ba3 Re8 15.
Rad1 e4 16. Nb1 Qf6 17. f3 exf3 18. exf3 Ne5 19. Rfe1 f4 20. g4 Bxg4 21. fxg4
Nxg4 22. Rxe8+ Rxe8 23. Bc5 f3 24. Bf1 Qg5 25. Bf2 Ne3+ 0-1

[Event "XXIV Memorial Edoardo Crespi A"]
[Site "Milano ITA"]
[Date "2003.12.06"]
[Round "2"]
[White "Contin, Daniel"]
[Black "Cazzaniga, Walter"]
[Result "1-0"]
[WhiteElo "2377"]
[BlackElo "2119"]
[PlyCount "79"]
[EventDate "2003.12.05"]

1. c4 Nf6 2. Nf3 g6 3. b3 Bg7 4. Bb2 O-O 5. g3 c5 6. Bg2 Nc6 7. O-O d6 8. Nc3
Bd7 9. d4 cxd4 10. Nxd4 Rc8 11. Nc2 Ng4 12. Qd2 Qa5 13. h3 Nh6 14. g4 f5 15. g5
Nf7 16. f4 a6 17. Rab1 e6 18. Kh1 Rfd8 19. Ba1 b5 20. b4 Qb6 21. cxb5 axb5 22.
e4 Ne7 23. Rbc1 Bc6 24. Nd5 exd5 25. Bxg7 fxe4 26. Bd4 Qb7 27. Ne3 Bd7 28. Ba1
Qb6 29. Bf6 d4 30. Bxd4 Qb7 31. Ba1 Nf5 32. Qb2 Kf8 33. Nxf5 Bxf5 34. Qg7+ Ke8
35. Bf6 Qd5 36. Bxd8 Rxd8 37. Rc7 Rd7 38. Rc8+ Rd8 39. Qg8+ Ke7 40. Rxd8 1-0

[Event "XXIV Memorial Edoardo Crespi A"]
[Site "Milano ITA"]
[Date "2003.12.06"]
[Round "2"]
[White "Damia, Angelo"]
[Black "Barlocco, Carlo"]
[Result "1/2-1/2"]
[WhiteElo "2059"]
[BlackElo "2132"]
[PlyCount "114"]
[EventDate "2003.12.05"]

1. e4 d6 2. d4 Nf6 3. Bd3 g6 4. f3 Bg7 5. Be3 O-O 6. Qd2 Nbd7 7. Bh6 e5 8. d5
Nxe4 9. Bxe4 Qh4+ 10. g3 Qxh6 11. Ne2 Qxd2+ 12. Nxd2 f5 13. Bd3 Nc5 14. Bc4 a5
15. O-O-O Re8 16. Nc3 Bd7 17. Nb5 Bxb5 18. Bxb5 Re7 19. Nb3 Nd7 20. a4 Nf6 21.
Rhe1 e4 22. Nd4 Kf7 23. Kb1 Nxd5 24. Bc4 c6 25. Bxd5+ cxd5 26. Nb5 Ke6 27. c4
dxc4 28. fxe4 Be5 29. exf5+ Kxf5 30. Rd5 Kg4 31. Re4+ Kf3 32. Rxc4 Ra6 33. Rd3+
Ke2 34. Kc2 Rc6 35. Rxc6 bxc6 36. Nxd6 Rd7 37. Rd2+ Kf3 38. Rd3+ Kg2 39. Rd2+
Kh3 40. Nc4 Rxd2+ 41. Nxd2 Bf6 42. b4 axb4 43. a5 Bd4 44. Kb3 Ba7 45. Nf3 Kg2
46. Ne5 Kxh2 47. Nxc6 Bc5 48. Nxb4 Kxg3 49. Kc4 Bg1 50. Nc6 Kf4 51. Nd4 Ke4 52.
Ne6 Ke5 53. Ng5 Kd6 54. Nxh7 Kc6 55. Ng5 Bf2 56. Nf3 Bg3 57. Nd4+ Kb7 1/2-1/2